ბათუმის შოთა რუსთაველის სახელმწიფო უნივერსიტეტის ბიბლიოთეკა

ადამიანის მორჩილი ზღვა (ბიბ.ჩანაწერი № 49076)

000 -LEADER
fixed length control field 00936nam a2200229Ia 4500
001 - CONTROL NUMBER
control field 15983
003 - CONTROL NUMBER IDENTIFIER
control field GE_BSU
008 - FIXED-LENGTH DATA ELEMENTS--GENERAL INFORMATION
fixed length control field 181216s||||||||xx |||||||||||||| ||und||
040 ## - CATALOGING SOURCE
Transcribing agency GE_BSU
080 ## - UNIVERSAL DECIMAL CLASSIFICATION NUMBER
Universal Decimal Classification number 910.4(492)+908(492)
100 ## - MAIN ENTRY--PERSONAL NAME
Personal name ჯაფარიძე, რევაზი
245 ## - TITLE STATEMENT
Title ადამიანის მორჩილი ზღვა
245 ## - TITLE STATEMENT
Remainder of title ჰოლანდიასა და ბელგიაში მოგზაურობების შთაბეჭდილებები
245 ## - TITLE STATEMENT
Statement of responsibility, etc. რედ. ც.ცერცვაძე
260 ## - PUBLICATION, DISTRIBUTION, ETC.
Place of publication, distribution, etc. თბილისი
260 ## - PUBLICATION, DISTRIBUTION, ETC.
Name of publisher, distributor, etc. ნაკადული
260 ## - PUBLICATION, DISTRIBUTION, ETC.
Date of publication, distribution, etc. 1970
300 ## - PHYSICAL DESCRIPTION
Extent 138 გვ. ; 19 სმ
653 ## - INDEX TERM--UNCONTROLLED
Uncontrolled term ადამიანის მორჩილი ზღვა
653 ## - INDEX TERM--UNCONTROLLED
Uncontrolled term მოგზაურობა ჰოლანდიაში; მოგზაურობა ბელგიაში;
942 ## - ADDED ENTRY ELEMENTS (KOHA)
Koha item type წიგნი
ეგზემპლარები
Withdrawn status Lost status Damaged status Not for loan Date acquired Barcode Date last seen Price effective from Koha item type
        2018-12-17 39663 2018-12-17 2018-12-17 წიგნი
        2018-12-17 39664 2018-12-17 2018-12-17 წიგნი